El docente como investigador /

Guardado en:
Bibliografiske detaljer
Hovedforfatter: Corrales Sánchez, Olga
Andre forfattere: Jiménez, María de los Angeles
Format: Texto
Tags: Tilføj Tag
Ingen Tags, Vær først til at tagge denne postø!

MARC

LEADER 00000 a a2200000 04500
001 46654
003
040
100 |a Corrales Sánchez, Olga  
245 |a El docente como investigador /  |c Olga Corrales Sánchez, María de los Angeles Jiménez  
700 |a Jiménez, María de los Angeles  
773 |g volumen18, número2 (1994), páginas 73-79  
999 |c 39392  |d 39392